Техника безопасности и противопожарная техника в электроустановках: учебное пособие

Bibliographische Detailangaben
1. Verfasser: Князевский Б. А. Борис Александрович
Weitere Verfasser: Чекалин Н. А. Николай Александрович
Sprache:Russisch
Veröffentlicht: Москва, Энергия, 1973
Ausgabe:2-е изд., перераб. и доп.
Schlagworte:
Format: Buch
KOHA link:https://koha.lib.tpu.ru/cgi-bin/koha/opac-detail.pl?biblionumber=51279

MARC

LEADER 00000nam0a2200000 4500
001 51279
005 20231031035119.0
035 |a (RuTPU)RU\TPU\book\53685 
090 |a 51279 
100 |a 20030428d1973 m y0rusy50 ca 
101 0 |a rus 
102 |a RU 
105 |a a j 001zy 
200 1 |a Техника безопасности и противопожарная техника в электроустановках  |e учебное пособие  |f Б. А. Князевский, Н. А. Чекалин 
205 |a 2-е изд., перераб. и доп. 
210 |a Москва  |c Энергия  |d 1973 
215 |a 248 с.  |c ил. 
320 |a Библиогр.: с. 245. 
610 1 |a электротехника 
610 1 |a электроустановки 
610 1 |a противопожарная техника 
610 1 |a техника безопасности 
610 1 |a охрана труда 
610 1 |a электромонтажные работы 
610 1 |a учебные пособия 
675 |a 621.3.002.7(075.3)  |v 3 
700 1 |a Князевский  |b Б. А.  |g Борис Александрович 
701 1 |a Чекалин  |b Н. А.  |g Николай Александрович 
801 1 |a RU  |b 63413507  |c 20030428  |g PSBO 
801 2 |a RU  |b 63413507  |c 20201005  |g PSBO 
942 |c BK